[Event "Winnipeg TNT 2019.10"]
[Site "Winnipeg CAN"]
[Date "2019.10.22"]
[Round "4.6"]
[White "Myrzaibraimova, Alia"]
[Black "Crawford, Gary"]
[Result "0-1"]
[WhiteElo "1019"]
[BlackElo "1669"]
[Annotator "wspe"]
[PlyCount "68"]
[EventDate "2019.10.01"]
[EventType "swiss"]
[EventRounds "5"]
[EventCountry "CAN"]

1. e4 c5 2. Nf3 d6 3. Bc4 Bg4 4. c3 Nf6 5. Be2 Nxe4 6. Qa4+ Nd7 7. Qxe4 Nf6 8.
Qxb7 Bd7 9. Qb3 Rb8 10. Qc2 g6 11. d4 cxd4 12. cxd4 Rc8 13. Qd1 Bg7 14. O-O O-O
15. Nc3 Qb6 16. Qb3 Qa5 17. Bd2 Rb8 18. Qc2 Qh5 19. Ne5 Qh4 20. Nxd7 Nxd7 21.
Qa4 Qxd4 22. Qxd7 Qxd2 23. Qxa7 Bxc3 24. bxc3 Qxe2 25. Rfe1 Qc4 26. Qxe7 Qxc3
27. Qxd6 Rfd8 28. Qf4 Rb4 29. Rec1 Qb2 30. Qe3 Rdb8 31. Qc3 Qxc3 32. Rd1 Qxa1
33. Rxa1 Rb1+ 34. Rxb1 Rxb1# 0-1

[Event "Winnipeg TNT 2019.10"]
[Site "Winnipeg CAN"]
[Date "2019.10.29"]
[Round "5.1"]
[White "Abioye, Yemi"]
[Black "Konara, Harshani"]
[Result "1-0"]
[WhiteElo "2054"]
[BlackElo "1985"]
[PlyCount "63"]
[EventDate "2019.10.01"]
[EventType "swiss"]
[EventRounds "5"]
[EventCountry "CAN"]

1. e4 d5 2. exd5 Qxd5 3. Nc3 Qd8 4. Bc4 Nf6 5. Nf3 Bf5 6. d3 e6 7. Bf4 Bd6 8.
Bg3 c6 9. Qe2 Nbd7 10. Bxd6 Nb6 11. Bg3 Nxc4 12. dxc4 Qb6 13. Rb1 O-O-O 14. O-O
h5 15. b4 Rdg8 16. b5 Nd7 17. Bd6 c5 18. Rfd1 Qa5 19. Rb3 f6 20. a3 g5 21. Ne4
Qb6 22. Be7 Bxe4 23. Qxe4 Re8 24. Rd6 Qc7 25. Rxe6 g4 26. Nd2 Ne5 27. Bd6 Qd7
28. Rxe8+ Rxe8 29. Qd5 Nxc4 30. Qxc5+ Kd8 31. Qxc4 Re6 32. Bb4 1-0

[Event "Winnipeg TNT 2019.10"]
[Site "Winnipeg CAN"]
[Date "2019.10.29"]
[Round "5.3"]
[White "Curtis, Rory"]
[Black "Prince, Colin"]
[Result "1/2-1/2"]
[WhiteElo "1688"]
[BlackElo "1887"]
[PlyCount "159"]
[EventDate "2019.10.01"]
[EventType "swiss"]
[EventRounds "5"]
[EventCountry "CAN"]

1. d4 Nf6 2. c4 e5 3. dxe5 Ng4 4. Nf3 Bc5 5. e3 Nc6 6. Be2 O-O 7. O-O Ngxe5 8.
Nxe5 Nxe5 9. b3 d6 10. Nd2 Qf6 11. Bb2 Qg6 12. Nf3 Bh3 13. Nh4 Qg5 14. Bxe5
dxe5 15. Qd5 Be7 16. Qf3 Be6 17. g3 f5 18. Ng2 c6 19. Rfd1 Rf7 20. Rac1 Raf8
21. Kh1 Qf6 22. c5 e4 23. Qf4 g5 24. Qc7 Bxc5 25. Qa5 Bb6 26. Qc3 Bc7 27. Bc4
Be5 28. Qc2 Kh8 29. Bxe6 Qxe6 30. Qc5 a6 31. Rc2 f4 32. exf4 gxf4 33. Nxf4 Bxf4
34. gxf4 Rxf4 35. Qc3+ Qf6 36. Qxf6+ R4xf6 37. Rdd2 Rg8 38. Rc3 Rf3 39. Re3
Rgf8 40. Kg2 Rg8+ 41. Kf1 Rxe3 42. fxe3 Rf8+ 43. Rf2 Rd8 44. Ke2 Kg7 45. Rf4
Re8 46. Kd2 Rd8+ 47. Kc2 Re8 48. Kc3 c5 49. b4 cxb4+ 50. Kxb4 Re5 51. a4 b6 52.
h3 Kg6 53. h4 h6 54. Kb3 h5 55. Kb4 Re6 56. Kb3 Kh6 57. Kb4 Rg6 58. Rxe4 Rg4
59. Rd4 Kg6 60. Kc3 Kf5 61. Kd3 Rg2 62. Kc3 Ke5 63. Kc4 Rg4 64. Kd3 Rxd4+ 65.
exd4+ Kd5 66. Ke3 b5 67. axb5 axb5 68. Kd3 b4 69. Kc2 Kxd4 70. Kb3 Ke4 71. Kxb4
Kf4 72. Kc4 Kg4 73. Kd3 Kxh4 74. Ke2 Kg3 75. Kf1 Kh2 76. Kf2 h4 77. Kf1 h3 78.
Kf2 Kh1 79. Kg3 h2 80. Kf2 1/2-1/2

[Event "Winnipeg TNT 2019.10"]
[Site "Winnipeg CAN"]
[Date "2019.10.29"]
[Round "5.4"]
[White "Crawford, Gary"]
[Black "Gregoryanz, Philipp"]
[Result "1-0"]
[WhiteElo "1669"]
[BlackElo "1464"]
[PlyCount "108"]
[EventDate "2019.10.01"]
[EventType "swiss"]
[EventRounds "5"]
[EventCountry "CAN"]

1. e4 e5 2. Nf3 Nc6 3. Bb5 Nd4 4. Nxd4 exd4 5. O-O c6 6. Bc4 d5 7. exd5 cxd5 8.
Bb5+ Bd7 9. Re1+ Be7 10. Qg4 g6 11. Qxd4 f6 12. Qxd5 Bxb5 13. Qxb5+ Kf8 14. c3
h5 15. d4 Nh6 16. Bxh6+ Rxh6 17. Qe2 Rh7 18. Nd2 Qc7 19. Nf3 Bd6 20. Qd3 Rg7
21. Re6 Be7 22. Rae1 Re8 23. d5 Qd7 24. d6 Kg8 25. Rxe7 Rgxe7 26. Rxe7 Rxe7 27.
dxe7 Qxd3 28. e8=Q+ Kg7 29. Qe7+ Kg8 30. Qe6+ Kg7 31. h3 Qb1+ 32. Kh2 Qxb2 33.
Qb3 Qxf2 34. Qxb7+ Kf8 35. Qb3 g5 36. c4 g4 37. hxg4 hxg4 38. Qb8+ Kf7 39. Qg3
Qxa2 40. Qxg4 a5 41. Qd7+ Kf8 42. Qb5 a4 43. c5 Qc2 44. Qb4 Kf7 45. Nd4 Qc1 46.
c6 Qh6+ 47. Kg1 Qc1+ 48. Kf2 Qf4+ 49. Ke1 Qe4+ 50. Kd1 Qd3+ 51. Kc1 Qe4 52. Kb2
Qxg2+ 53. Ka3 Qg3+ 54. Kxa4 Qc7 1-0

[Event "Winnipeg TNT 2019.10"]
[Site "Winnipeg CAN"]
[Date "2019.10.29"]
[Round "5.5"]
[White "Furda, Ievgeniia-Diana"]
[Black "Czarny, Keith"]
[Result "1-0"]
[WhiteElo "1597"]
[BlackElo "1651"]
[PlyCount "99"]
[EventDate "2019.10.01"]
[EventType "swiss"]
[EventRounds "5"]
[EventCountry "CAN"]

1. e4 e6 2. d4 d5 3. Nc3 c5 4. dxc5 Bxc5 5. exd5 exd5 6. Qxd5 Qxd5 7. Nxd5 Bd6
8. Nf3 Ne7 9. Bf4 Bxf4 10. Nxf4 O-O 11. O-O-O Nbc6 12. Bc4 Bg4 13. Be2 Rfd8 14.
h3 Bf5 15. a3 Rac8 16. Rxd8+ Nxd8 17. Bd3 Bxd3 18. Nxd3 Ne6 19. Rd1 h6 20. Nb4
Nf8 21. Ne5 f6 22. Nd7 Nfg6 23. Nd5 Nxd5 24. Rxd5 Kh8 25. g3 Ne7 26. Rc5 Nc6
27. Rc3 Rd8 28. Nc5 b6 29. Ne6 Rd6 30. Nf4 g5 31. Ng2 Kg7 32. Ne3 Kg6 33. Nc4
Re6 34. Re3 Rxe3 35. Nxe3 h5 36. Kd2 Ne5 37. Kc3 f5 38. f4 gxf4 39. gxf4 Nf3
40. Ng2 h4 41. Kc4 Kh5 42. Kd5 Ng1 43. Ke5 Nxh3 44. Kxf5 Nf2 45. Nxh4 Kxh4 46.
Ke6 Kg4 47. f5 Kg5 48. f6 Ne4 49. f7 Nc5+ 50. Ke7 1-0

[Event "Winnipeg op"]
[Site "Winnipeg CAN"]
[Date "2019.06.04"]
[Round "1.1"]
[White "Wiebe, Isaac"]
[Black "Melnyk, Jim"]
[Result "1-0"]
[WhiteElo "2281"]
[BlackElo "1708"]
[PlyCount "53"]
[EventDate "2019.06.04"]
[EventType "swiss"]
[EventRounds "8"]
[EventCountry "CAN"]

1. d4 d5 2. Bf4 Nf6 3. e3 Bf5 4. c4 e6 5. Nc3 c6 6. Qb3 Qd7 7. Nf3 Be7 8. Be2
O-O 9. O-O Qc8 10. Rac1 Nbd7 11. h3 dxc4 12. Bxc4 Nd5 13. Nxd5 exd5 14. Bxd5
Nb6 15. Bc4 Nxc4 16. Qxc4 Rd8 17. Ne5 Be6 18. Qc2 Rd5 19. Rfd1 Qd8 20. Nf3 h6
21. e4 Ra5 22. b3 Qb6 23. d5 cxd5 24. Bc7 Qa6 25. Bxa5 Qxa5 26. exd5 Ba3 27.
dxe6 1-0

[Event "Winnipeg op"]
[Site "Winnipeg CAN"]
[Date "2019.06.04"]
[Round "1.2"]
[White "Letain, Cory"]
[Black "Baron, Gustav"]
[Result "0-1"]
[WhiteElo "1667"]
[BlackElo "2204"]
[PlyCount "44"]
[EventDate "2019.06.04"]
[EventType "swiss"]
[EventRounds "8"]
[EventCountry "CAN"]

1. d4 Nf6 2. c4 g6 3. Nc3 Bg7 4. e4 d6 5. f4 O-O 6. Nf3 c5 7. d5 b5 8. e5 Nfd7
9. e6 fxe6 10. dxe6 Nb6 11. Nxb5 Bxe6 12. Qc2 Nc6 13. a3 Qd7 14. Bd3 a6 15.
Bxg6 hxg6 16. Qxg6 Bf5 17. Qh5 axb5 18. Ng5 Qe8 19. Qh4 Qg6 20. O-O Qh6 21. Qg3
Nd4 22. cxb5 Ne2+ 0-1

[Event "Winnipeg op"]
[Site "Winnipeg CAN"]
[Date "2019.06.04"]
[Round "1.3"]
[White "Ma, Derek"]
[Black "Remillard, John"]
[Result "1-0"]
[WhiteElo "2094"]
[BlackElo "1602"]
[PlyCount "83"]
[EventDate "2019.06.04"]
[EventType "swiss"]
[EventRounds "8"]
[EventCountry "CAN"]

1. e4 e5 2. f4 exf4 3. Bc4 Nf6 4. Nc3 Bd6 5. d3 O-O 6. e5 Re8 7. Nge2 Bb4 8.
exf6 Qxf6 9. O-O c6 10. Rxf4 Qd8 11. Bxf7+ Kh8 12. Bxe8 Qxe8 13. Ng3 Bxc3 14.
bxc3 d5 15. Ba3 Qe3+ 16. Rf2 Nd7 17. Qe2 Qxe2 18. Rxe2 Nf6 19. Rae1 Bg4 20. Re7
b5 21. h3 Bxh3 22. gxh3 a5 23. Nh5 Rg8 24. Nxf6 gxf6+ 25. Kf2 h5 26. Rf7 h4 27.
Ree7 Rg6 28. Re8+ Rg8 29. Rxg8+ Kxg8 30. Rxf6 Kg7 31. Rxc6 Kf7 32. Rc5 b4 33.
cxb4 axb4 34. Bxb4 Ke6 35. a4 Kf6 36. a5 Ke6 37. a6 Kf6 38. a7 Ke6 39. a8=Q Kf6
40. Qa6+ Kf7 41. Rc7+ Ke8 42. Qa8# 1-0

[Event "Winnipeg op"]
[Site "Winnipeg CAN"]
[Date "2019.06.04"]
[Round "1.4"]
[White "Myrzaibraimova, Aibike"]
[Black "Abioye, Yemi"]
[Result "0-1"]
[WhiteElo "1581"]
[BlackElo "2067"]
[PlyCount "114"]
[EventDate "2019.06.04"]
[EventType "swiss"]
[EventRounds "8"]
[EventCountry "CAN"]

1. e4 e6 2. d4 d5 3. Nc3 Nf6 4. exd5 exd5 5. Bd3 Bd6 6. Nf3 Bg4 7. Qe2+ Be7 8.
Bf4 c6 9. h3 Bh5 10. O-O O-O 11. Rae1 Bb4 12. a3 Ba5 13. Qe7 Nbd7 14. Qxd8
Raxd8 15. Bd6 Rfe8 16. Rxe8+ Rxe8 17. Ne5 Bb6 18. Nxd7 Nxd7 19. g4 Re6 20. Bg3
Bg6 21. Bxg6 hxg6 22. Rd1 Nf6 23. f3 Ne8 24. g5 Ba5 25. b4 Bc7 26. Bxc7 Nxc7
27. Kf2 b5 28. h4 Kf8 29. Rd3 Ke7 30. Re3 Ne8 31. a4 a6 32. a5 Nd6 33. Nb1 Rxe3
34. Kxe3 Nf5+ 35. Kf4 Nxd4 36. Na3 Kd6 37. Kg4 Ke5 38. c3 Ne2 39. Nb1 f6 40.
f4+ Nxf4 41. Nd2 Ne6 42. gxf6 gxf6 43. Kf3 d4 44. c4 Ng7 45. cxb5 cxb5 46. Nb3
Ne6 47. Ke2 Ke4 48. Nd2+ Kd5 49. Kf3 f5 50. Ke2 g5 51. hxg5 Nxg5 52. Kd3 f4 53.
Ke2 f3+ 54. Kd3 f2 55. Ke2 Ne4 56. Nxe4 Kxe4 57. Kxf2 Kd3 0-1

[Event "Winnipeg op"]
[Site "Winnipeg CAN"]
[Date "2019.06.04"]
[Round "1.5"]
[White "Konara, Harshani"]
[Black "Furda, Ievgeniia-Diana"]
[Result "1-0"]
[WhiteElo "2020"]
[BlackElo "1575"]
[PlyCount "29"]
[EventDate "2019.06.04"]
[EventType "swiss"]
[EventRounds "8"]
[EventCountry "CAN"]

1. c4 Nf6 2. Nc3 g6 3. g3 Bg7 4. Bg2 O-O 5. d3 d6 6. e3 e5 7. Nge2 Nc6 8. O-O
Rb8 9. a3 a5 10. Rb1 Be6 11. Qc2 d5 12. cxd5 Nxd5 13. Rd1 Qd7 14. Ne4 Qd6 15.
Nxd6 1-0

[Event "Winnipeg op"]
[Site "Winnipeg CAN"]
[Date "2019.06.04"]
[Round "1.6"]
[White "Marshall, Carter"]
[Black "Khedkar, Jay"]
[Result "0-1"]
[WhiteElo "1561"]
[BlackElo "1986"]
[PlyCount "52"]
[EventDate "2019.06.04"]
[EventType "swiss"]
[EventRounds "8"]
[EventCountry "CAN"]

1. e4 c5 2. d4 cxd4 3. c3 dxc3 4. Nxc3 Nc6 5. Bf4 e5 6. Bg3 Nf6 7. Nf3 d6 8.
Bc4 Be7 9. Ng5 O-O 10. Qb3 Nd4 11. Nxf7 Rxf7 12. Bxf7+ Kf8 13. Qc4 Bd7 14. Bd5
Nc2+ 15. Ke2 Rc8 16. Qd3 Nxd5 17. Nxd5 Bb5 18. Qxb5 Nd4+ 19. Kd2 Nxb5 20. Nxe7
Qa5+ 21. Ke3 Kxe7 22. Rac1 Qb6+ 23. Kf3 Rf8+ 24. Kg4 Nd4 25. Rhe1 Ne6 26. Rc3
Nf4 {and Black won in a few more moves.} 0-1

[Event "Winnipeg op"]
[Site "Winnipeg CAN"]
[Date "2019.06.04"]
[Round "1.7"]
[White "Lafreniere, Adrian"]
[Black "Gregoryanz, Philipp"]
[Result "1-0"]
[WhiteElo "1931"]
[BlackElo "1543"]
[PlyCount "62"]
[EventDate "2019.06.04"]
[EventType "swiss"]
[EventRounds "8"]
[EventCountry "CAN"]

1. Nf3 d5 2. d4 Nc6 3. e3 Nf6 4. Nc3 Bg4 5. Be2 e6 6. h3 Bf5 7. Bb5 a6 8. Bxc6+
bxc6 9. Ne5 Qd6 10. O-O Nd7 11. f4 Be7 12. Bd2 O-O 13. a3 Nxe5 14. fxe5 Qd8 15.
Ne2 c5 16. Bc3 cxd4 17. exd4 c5 18. Kh1 cxd4 19. Nxd4 Be4 20. Nc6 Qc7 21. Nxe7+
Qxe7 22. Bb4 Qh4 23. Qg4 Qxg4 24. hxg4 Rfc8 25. c3 a5 26. Bd6 Ra6 27. Rf2 f5
28. gxf5 exf5 29. Raf1 h5 30. Rf4 Rb6 31. R1f2 g6 {
White won in 76 moves.White won in 76 moves.} 1-0

[Event "Winnipeg op"]
[Site "Winnipeg CAN"]
[Date "2019.06.04"]
[Round "1.8"]
[White "Piche, Zachary"]
[Black "Bince, Rolando"]
[Result "1/2-1/2"]
[WhiteElo "1428"]
[BlackElo "1928"]
[PlyCount "105"]
[EventDate "2019.06.04"]
[EventType "swiss"]
[EventRounds "8"]
[EventCountry "CAN"]

1. Nf3 d5 2. c4 d4 3. d3 c5 4. g3 g6 5. Bg2 Bg7 6. O-O Nc6 7. Qc2 Nf6 8. e3 O-O
9. exd4 cxd4 10. Nbd2 Bg4 11. Re1 Qc7 12. Rb1 a5 13. Nb3 e5 14. Bg5 Nd7 15. Nc1
Rfe8 16. a3 Bf8 17. Bd2 a4 18. Na2 Nc5 19. Nb4 Nxb4 20. Bxb4 Ra6 21. Nxd4 Qc8
22. Nb5 Bg7 23. Bxc5 Qxc5 24. Bxb7 Rb6 25. d4 Qe7 26. Bg2 Rc8 27. Qxa4 Qd8 28.
dxe5 Bf8 29. h3 Be6 30. b3 Qg5 31. Rbd1 Rd8 32. Nc7 Rbb8 33. h4 Qf5 34. Nxe6
fxe6 35. b4 Qg4 36. Qb3 Qf5 37. Qb1 Qg4 38. Qc2 Rbc8 39. c5 Be7 40. c6 Rxd1 41.
Rxd1 Rxc6 42. Qxc6 Qxd1+ 43. Kh2 Kf7 44. Qf3+ Qxf3 45. Bxf3 Bf8 46. Kg2 Bg7 47.
Bg4 Bxe5 48. a4 Bc3 49. b5 Ba5 50. Kf3 Ke7 51. Ke2 Kd6 52. Kf3 Kd5 53. Ke2
1/2-1/2

[Event "Winnipeg op"]
[Site "Winnipeg CAN"]
[Date "2019.06.04"]
[Round "1.9"]
[White "Rutter, Blair"]
[Black "Marshall, Ken"]
[Result "1-0"]
[WhiteElo "1896"]
[BlackElo "1475"]
[PlyCount "69"]
[EventDate "2019.06.04"]
[EventType "swiss"]
[EventRounds "8"]
[EventCountry "CAN"]

1. c4 e5 2. g3 Nc6 3. Bg2 Nf6 4. e4 Bc5 5. Ne2 d6 6. O-O O-O 7. h3 Be6 8. d3
Qd7 9. Kh2 a6 10. Nbc3 Nd4 11. f4 Nxe2 12. Nxe2 exf4 13. Bxf4 c6 14. d4 Ba7 15.
b3 d5 16. cxd5 cxd5 17. e5 Ne4 18. g4 f6 19. Qd3 fxe5 20. Bxe5 Ng5 21. Qe3 Rxf1
22. Rxf1 Nf7 23. Bg3 Bb8 24. Nf4 Bxf4 25. Qxf4 Rf8 26. Rc1 Rc8 27. Re1 Rc2 28.
Qe3 Rc6 29. Re2 Nd8 30. Qd2 Bf7 31. Rf2 Kf8 32. Qg5 Kg8 33. Qf5 Qxf5 34. gxf5
Rc7 35. Bxc7 1-0

[Event "Winnipeg op"]
[Site "Winnipeg CAN"]
[Date "2019.06.04"]
[Round "1.10"]
[White "Magyar, Peter"]
[Black "Green, Jim"]
[Result "0-1"]
[WhiteElo "1471"]
[BlackElo "1861"]
[PlyCount "78"]
[EventDate "2019.06.04"]
[EventType "swiss"]
[EventRounds "8"]
[EventCountry "CAN"]

1. d4 d5 2. Bf4 Nf6 3. e3 c6 4. h3 e6 5. Nf3 Bd6 6. Ne5 Qc7 7. Nd2 Nbd7 8. Ndf3
O-O 9. Be2 Ne4 10. O-O Re8 11. c4 f6 12. c5 Bxe5 13. dxe5 f5 14. Rc1 Ndxc5 15.
b4 Nd7 16. Nd4 Qd8 17. Bh5 g6 18. Be2 Ng5 19. h4 Nf7 20. Nf3 Qe7 21. a3 a5 22.
Qa4 Nb6 23. Qb3 axb4 24. axb4 Ra4 25. Rc5 Bd7 26. Rb1 Rea8 27. Ra5 Qd8 28. Rxa8
Qxa8 29. b5 c5 30. Qc3 c4 31. Bd1 Ra5 32. Qb4 Rxb5 33. Qe7 Rxb1 34. Ng5 Rxd1+
35. Kh2 Nxg5 36. Bxg5 Qf8 37. Qf6 Qxf6 38. exf6 Kf7 39. Kg3 c3 0-1

[Event "Winnipeg op"]
[Site "Winnipeg CAN"]
[Date "2019.06.04"]
[Round "1.11"]
[White "Prince, Colin"]
[Black "Gannon, Keith"]
[Result "1-0"]
[WhiteElo "1858"]
[BlackElo "1469"]
[PlyCount "101"]
[EventDate "2019.06.04"]
[EventType "swiss"]
[EventRounds "8"]
[EventCountry "CAN"]

1. e4 Nf6 2. Nc3 d6 3. d4 g6 4. Bc4 Bg7 5. Bg5 O-O 6. Qd2 Nbd7 7. Bh6 Nb6 8.
Bb3 a5 9. a3 a4 10. Ba2 Bd7 11. Nge2 Ng4 12. Bxg7 Kxg7 13. f3 Nf6 14. e5 Ng8
15. O-O-O d5 16. h4 h5 17. Nf4 e6 18. g4 hxg4 19. fxg4 Nh6 20. h5 g5 21. Nh3 f6
22. exf6+ Qxf6 23. Rhf1 Qe7 24. Nxg5 Rxf1 25. Rxf1 Rf8 26. Rxf8 Qxf8 27. Nd1
Nc8 28. Nh3 Nxg4 29. Qg5+ Kh8 30. Qxg4 Qh6+ 31. Kb1 Nd6 32. Qg5 Qxg5 33. Nxg5
Kg7 34. Ne3 Kh6 35. Nf3 Kxh5 36. c4 dxc4 37. Nxc4 Nf5 38. Nce5 Bc8 39. Kc1 b5
40. Kd2 Ng3 41. Kc3 Ne4+ 42. Kb4 Nd6 43. Kc5 Bb7 44. Bxe6 Bxf3 45. Nxf3 Kg6 46.
Kc6 Kf6 47. Bd5 Ke7 48. Kxc7 Nc4 49. Bxc4 bxc4 50. d5 Ke8 51. d6 1-0

[Event "Winnipeg op"]
[Site "Winnipeg CAN"]
[Date "2019.06.04"]
[Round "1.12"]
[White "Jenkins, Mark"]
[Black "Ubaka, Michael"]
[Result "0-1"]
[WhiteElo "1438"]
[BlackElo "1815"]
[PlyCount "101"]
[EventDate "2019.06.04"]
[EventType "swiss"]
[EventRounds "8"]
[EventCountry "CAN"]

1. d4 d5 2. c4 Nf6 3. Nc3 e6 4. e3 b6 5. Bd3 Ba6 6. cxd5 Bxd3 7. Qxd3 exd5 8.
Nge2 Be7 9. O-O O-O 10. Bd2 c5 11. Rfe1 c4 12. Qf5 Qd7 13. Qf3 Bb4 14. Rac1 Ne4
15. Ng3 Nxd2 16. Qxd5 Bxc3 17. Qxd7 Nxd7 18. Rxc3 Rfe8 19. f3 b5 20. Rc2 Nxf3+
21. gxf3 Re7 22. Nf5 Re6 23. e4 g6 24. Ne3 Nf6 25. Kf2 Nh5 26. Nd5 Rd8 27. Nc7
Rb6 28. Nd5 Rbd6 29. Rd1 Kg7 30. Ke3 a5 31. b3 cxb3 32. axb3 R6d7 33. Ra1 Ra7
34. Rc7 Rda8 35. Re7 Rxe7 36. Nxe7 a4 37. b4 Nf6 38. d5 Re8 39. Nc6 Nxd5+ 40.
Kd4 Nc7 41. Kc5 Rc8 42. Ra3 h5 43. Rd3 Kf6 44. Na7 Rb8 45. Nc6 Rb7 46. Nd8 Ra7
47. Nc6 Ra6 48. h4 a3 49. Rd6+ Kg7 50. Rd1 a2 51. Ra1 {and Black won in 68.}
0-1

[Event "Winnipeg op"]
[Site "Winnipeg CAN"]
[Date "2019.06.04"]
[Round "1.13"]
[White "Proulx, Roy"]
[Black "Myrzaibraimova, Alia"]
[Result "1-0"]
[WhiteElo "1814"]
[BlackElo "1208"]
[PlyCount "45"]
[EventDate "2019.06.04"]
[EventType "swiss"]
[EventRounds "8"]
[EventCountry "CAN"]

1. e4 e5 2. Nf3 Nc6 3. Bc4 Nf6 4. Nc3 Bb4 5. d3 d6 6. h3 O-O 7. Bg5 h6 8. Be3
Be6 9. Nd2 Bxc3 10. bxc3 Na5 11. Bb3 a6 12. O-O b5 13. f4 c5 14. c4 Nc6 15. c3
Qb6 16. fxe5 dxe5 17. Bxh6 gxh6 18. Rxf6 b4 19. Qh5 Rfe8 20. Qxh6 Qd8 21. Nf3
Qe7 22. Ng5 Qf8 23. Qh7# 1-0

[Event "Winnipeg op"]
[Site "Winnipeg CAN"]
[Date "2019.06.11"]
[Round "2.1"]
[White "Green, Jim"]
[Black "Wiebe, Isaac"]
[Result "1/2-1/2"]
[WhiteElo "1861"]
[BlackElo "2281"]
[PlyCount "100"]
[EventDate "2019.06.04"]
[EventType "swiss"]
[EventRounds "8"]
[EventCountry "CAN"]

1. e4 c6 2. Nf3 d5 3. exd5 cxd5 4. d4 Nc6 5. h3 Bf5 6. Bd3 Bxd3 7. Qxd3 e6 8.
c3 Bd6 9. O-O h6 10. Re1 Nf6 11. Nbd2 O-O 12. Ne5 Qc7 13. Nxc6 Qxc6 14. a4 a6
15. b3 Rac8 16. Bb2 Bb8 17. Rec1 Qc7 18. Nf1 Rfd8 19. a5 Rd6 20. c4 dxc4 21.
Rxc4 Rc6 22. Rxc6 Qxc6 23. Rc1 Qd7 24. Rxc8+ Qxc8 25. Qc4 Qd7 26. Ne3 Qc7 27.
Qxc7 Bxc7 28. Nc4 Nd5 29. Ba3 Kh7 30. g3 Nc3 31. Kf1 Nb5 32. Bc5 Kg6 33. b4 Kf5
34. Nd2 g5 35. Ke2 e5 36. g4+ Ke6 37. dxe5 Kxe5 38. Kd3 f5 39. Nc4+ Kf6 40.
gxf5 Kxf5 41. Ne3+ Kf4 42. Ng4 h5 43. Nf6 h4 44. Be3+ Kf5 45. Ng4 Bd6 46. Bd2
Be7 47. Nh6+ Kg6 48. Ng4 Kf5 49. Nh6+ Kg6 50. Ng4 Kf5 1/2-1/2

[Event "Winnipeg op"]
[Site "Winnipeg CAN"]
[Date "2019.06.11"]
[Round "2.2"]
[White "Baron, Gustav"]
[Black "Lafreniere, Adrian"]
[Result "1/2-1/2"]
[WhiteElo "2204"]
[BlackElo "1931"]
[PlyCount "113"]
[EventDate "2019.06.04"]
[EventType "swiss"]
[EventRounds "8"]
[EventCountry "CAN"]

1. e4 c6 2. d4 d5 3. e5 Bf5 4. Nc3 e6 5. g4 Bg6 6. Nge2 h6 7. Nf4 Bh7 8. Bd3
Bxd3 9. Qxd3 Nd7 10. h4 Bb4 11. Bd2 Ne7 12. O-O-O Qc7 13. g5 hxg5 14. hxg5
O-O-O 15. Rxh8 Rxh8 16. g6 Nxg6 17. Nxg6 fxg6 18. Qxg6 Nf8 19. Qg4 Kb8 20. Kb1
Qf7 21. f4 c5 22. a3 cxd4 23. axb4 dxc3 24. bxc3 d4 25. c4 d3 26. c3 Qd7 27.
Kb2 Qc6 {There appears to be some moves missing here.} 28. Rg1 Qxc4 29. Qxg7 a5
30. Qe7 Qc8 31. Qd6+ Qc7 32. Qxc7+ Kxc7 33. bxa5 Kc6 34. c4 Nd7 35. Be3 Nc5 36.
Bxc5 Kxc5 37. Kc3 Rd8 {This position is likely correct.} 38. Rg7 Kc6 39. Kd2
Rd4 40. Rg6 Kd7 41. Rg7+ Kc6 42. Rf7 Rxc4 43. Kxd3 Ra4 44. Ke3 Rxa5 45. Re7 Kd5
46. Rd7+ Kc5 47. Rd6 Ra6 48. Rd8 b5 49. Rc8+ Rc6 50. Ra8 b4 51. Kd3 Kb5 52.
Rb8+ Ka4 53. Ra8+ Kb3 54. Rd8 Rc3+ 55. Ke4 Kc2 56. f5 exf5+ 57. Kxf5 1/2-1/2

[Event "Winnipeg op"]
[Site "Winnipeg CAN"]
[Date "2019.06.11"]
[Round "2.3"]
[White "Abioye, Yemi"]
[Black "Rutter, Blair"]
[Result "0-1"]
[WhiteElo "2067"]
[BlackElo "1896"]
[PlyCount "56"]
[EventDate "2019.06.04"]
[EventType "swiss"]
[EventRounds "8"]
[EventCountry "CAN"]

1. e4 e6 2. d4 d5 3. exd5 exd5 4. Nf3 Nf6 5. h3 Bd6 6. Bd3 O-O 7. O-O Re8 8.
Re1 Nbd7 9. c3 c6 10. Be3 Qc7 11. Qc2 Ne4 12. Nbd2 Ndf6 13. Ng5 Bf5 14. f3 Bh2+
15. Kh1 Ng3+ 16. Kxh2 Rxe3 17. Bxf5 Nxf5+ 18. Kg1 Qf4 19. h4 Nxh4 20. Nh3 Qh6
21. Kf2 Rae8 22. g4 Rxe1 23. Rxe1 Rxe1 24. Kxe1 Nxf3+ 25. Nxf3 Qxh3 26. Qf5
Qxg4 27. Qe5 Qe4+ 28. Kf2 Ng4+ 0-1

[Event "Winnipeg op"]
[Site "Winnipeg CAN"]
[Date "2019.06.11"]
[Round "2.4"]
[White "Ubaka, Michael"]
[Black "Konara, Harshani"]
[Result "1-0"]
[WhiteElo "1815"]
[BlackElo "2020"]
[PlyCount "67"]
[EventDate "2019.06.04"]
[EventType "swiss"]
[EventRounds "8"]
[EventCountry "CAN"]

1. d4 Nf6 2. h3 g6 3. Bf4 d6 4. Nf3 Bg7 5. e3 Nbd7 6. Bh2 O-O 7. Bd3 Re8 8. O-O
e5 9. dxe5 Nxe5 10. c3 Nxd3 11. Qxd3 Bf5 12. Qc4 Ne4 13. Re1 Nc5 14. Na3 Bd3
15. Qf4 Bf5 16. Red1 Nd3 17. Qg3 Nxb2 18. Rdc1 Nd3 19. Rc2 Nc5 20. Rcc1 Ne4 21.
Qh4 Bf6 22. Qh6 Ng5 23. Bf4 Nxf3+ 24. gxf3 Qd7 25. Kh2 Qa4 26. Nb1 Qb5 27. e4
Qb2 28. Nd2 Bd7 29. Kg2 d5 30. Bxc7 Bxc3 31. Bf4 Bxd2 32. Bxd2 dxe4 33. Bc3
exf3+ 34. Kg3 1-0

[Event "Winnipeg op"]
[Site "Winnipeg CAN"]
[Date "2019.06.11"]
[Round "2.5"]
[White "Khedkar, Jay"]
[Black "Prince, Colin"]
[Result "1/2-1/2"]
[WhiteElo "1986"]
[BlackElo "1858"]
[PlyCount "21"]
[EventDate "2019.06.04"]
[EventType "swiss"]
[EventRounds "8"]
[EventCountry "CAN"]

1. Nf3 Nc6 2. d4 d5 3. e3 Bf5 4. c4 e6 5. a3 a5 6. Nc3 Nf6 7. Bd3 Bg6 8. O-O
Be7 9. b3 O-O 10. Bxg6 hxg6 11. Bb2 1/2-1/2

[Event "Winnipeg op"]
[Site "Winnipeg CAN"]
[Date "2019.06.11"]
[Round "2.6"]
[White "Bince, Rolando"]
[Black "Proulx, Roy"]
[Result "0-1"]
[WhiteElo "1928"]
[BlackElo "1814"]
[PlyCount "52"]
[EventDate "2019.06.04"]
[EventType "swiss"]
[EventRounds "8"]
[EventCountry "CAN"]

1. c4 Nf6 2. Nc3 e6 3. d4 d5 4. cxd5 exd5 5. Bg5 Be7 6. Rc1 O-O 7. e3 h6 8. Bh4
c6 9. Bd3 Ne4 10. Bxe7 Qxe7 11. Nf3 Bg4 12. h3 Bh5 13. g4 Bg6 14. Ne5 Nd7 15.
Nxg6 fxg6 16. Bxe4 dxe4 17. Qc2 Rae8 18. Ne2 Nb6 19. Nf4 Rxf4 20. exf4 e3 21.
Kf1 Nd5 22. Qe2 Qe4 23. Rh2 Qxf4 24. Kg1 exf2+ 25. Rxf2 Qxc1+ 26. Qf1 Re1 0-1

[Event "Winnipeg op"]
[Site "Winnipeg CAN"]
[Date "2019.06.11"]
[Round "2.7"]
[White "Annakkage, Udaya"]
[Black "Trueman, Francis"]
[Result "1-0"]
[WhiteElo "1702"]
[BlackElo "1427"]
[PlyCount "32"]
[EventDate "2019.06.04"]
[EventType "swiss"]
[EventRounds "8"]
[EventCountry "CAN"]

1. e4 d6 2. d4 Nf6 3. Bd3 e5 4. c3 Be7 5. Ne2 O-O 6. O-O Nbd7 7. Nd2 Re8 8. Ng3
Nf8 9. Nf3 Ng6 10. Qb3 Be6 11. Qxb7 Bg4 12. Nd2 Bf8 13. h3 Be6 14. Nf3 h5 15.
Ng5 Bd7 16. Qb3 h4 1-0